Diagnóstico de comunicación en el Instituto Jalisciense de Salud Mental (SALME) : estudio cualitativo /

Enregistré dans:
Détails bibliographiques
Auteur principal: Mata Navarro, Itzelín del Rocío (autor)
Format: Thèse Livre
Langue:espagnol
Sujets:
Tags: Ajouter un tag
Pas de tags, Soyez le premier à ajouter un tag!

MARC

LEADER 00000nam^a2200000^a^4500
001 000178927
005 20250521000000.0
009 20260310101806.561
037 |a Acervo ITESO - Biblioteca 
041 |a ESP 
090 |a CCO. 594 
100 |a Mata Navarro, Itzelín del Rocío  |e (autor) 
245 1 0 |a Diagnóstico de comunicación en el Instituto Jalisciense de Salud Mental (SALME) :  |b estudio cualitativo /  |c I.R. Mata Navarro. 
264 |a Guadalajara, México :  |b edición de autor,  |c 2005 
300 |a 1 disco compacto de computadora 
336 |a datos para computadora  |b cod  |2 rdacontenido 
337 |a computadora  |b c  |2 rdamedio 
338 |a disco de computadora  |b cd  |2 rdasoporte 
502 |a ITESO Tesis de Licenciatura en Ciencias de la Comunicación 
649 |a XX 
650 |a Salud Mental -  |z Jalisco 
650 |a Salud Mental -  |z México 
650 |a Servicios Médicos y de Salud -  |z Jalisco -  |x Administración 
650 |a Servicios Médicos y de Salud -  |z México -  |x Administración 
650 |a Control Administrativo 
650 |a División del Trabajo 
650 |a Organización Administrativa 
650 |a Comunicación Organizacional -  |x Tema Principal 
650 |a Comunicación Institucional 
650 |a Cambio Organizacional 
650 |a Desarrollo Organizacional 
650 |a Organización Administrativa 
650 |a Proceso Administrativo 
650 |a Ciencias Administrativas 
910 |a Fondo General 
920 |a Electrónicos - Tesis del ITESO en Disco 
905 |a 202 
901 |a 0500118153  |b IT2  |c STS  |u 20250521 
902 |a https://opac.biblio.iteso.mx/vufind/Record/000178927